Statistiques concernant Scottsbury Culture Quiz 2

Cliquez ici pour prendre le quiz!

Statistiques générales

  • Ce quiz a été pris 43 fois
  • Le résultat moyen est 7 sur 15

Statistiques - réponses

QuestionsIndicesRéponses% Correct
Depuis le 24 juillet 2019, quel homme politique est l'actuel Premier Ministre du Royaume-Uni ?Boris .......Boris JOHNSON
97%
Quel roi d'Angleterre, fils d'Henri II et ayant participé à la troisième croisade, était surnommé "Coeur de Lion" ?Richard Ier
97%
Auteur de "L'Étranger" ou "La Peste", à quel écrivain doit-on le roman autobiographique "Le Premier Homme", publié par sa fille en 1994 ?Albert CAMUS
91%
Issu du persan "dulband", quel nom masculin porte la coiffe orientale faite d'une longue pièce d'étoffe enroulée autour de la tête ?Le turban
77%
Dans quelle voiture, de marque Citroën, se trouvait le président Charles de Gaulle lors de l'attentat du Petit-Clamart ?Une DS
63%
Quel homme de télévision a présenté les émissions "La Boîte à sel", "La Clé des champs", "L'Ami public numéro 1" ou "Monsieur Cinéma" ?Pierre ........Pierre TCHERNIA
49%
Quelle locution imagée désigne la partie du volume d'un alcool qui s'évapore pendant son vieillissement en fût ?La part ... .....La part des anges
29%
En remportant le titre en 2018, quel club de rugby irlandais est, avec le Stade Toulousain, le club le plus titré en Coupe d'Europe de rugby à XV ?Le Leinster Rugby
29%
De nom scientifique "Cancer pagurus", sous quel nom est aussi connu le gros crabe appelé crabe dormeur ?Le tourteau
29%
Quel nom donne t-on au nombre correspondant à un milliard de milliards ou 10 puissance 18 ?Un trillion
29%
Dans quel film de Jason Reitman, la jeune Ellen Page interprète t-elle une adolescente de seize ans apprenant qu'elle est enceinte ?Juno
26%
Tiré du latin signifiant "obéissance", quel mot féminin désigne, dans la religion, l'obéissance à un supérieur ecclésiastique ?L'obédience
23%
Quel terme, formé d'un mot redoublé tiré du latin signifiant "plat", désigne familièrement être tranquille, sans stress, calme ?Plan-plan
17%
Quelle saga romanesque de Georges Duhamel débute avec le tome "Le Notaire du Havre", publié en 1933 ?La Chronique ... ........La Chronique des Pasquier
6%
Quel nom féminin, tiré du latin, donne t-on à une forêt de chêne-liège ?Une suberaie
6%

Distribution des résultats

Percentile par nombre de réponses

% des personnes avec chaque résultat

Votre développement - résultats

Vous n’avez pas pris ce quiz